Du Crédit Foncier et des moyens de le Fonder, ou Création d'un système hypothécaire ... / (Record no. 158096)

MARC details
000 -LEADER
campo de control de longitud fija 00822nam a22002175i 4500
001 - NÚMERO DE CONTROL
campo de control 158096
003 - IDENTIFICADOR DE NÚMERO DE CONTROL
campo de control ES-MaACL
005 - FECHA Y HORA DE LA ÚLTIMA TRANSACCIÓN
campo de control 20230906211015.0
008 - DATOS DE LONGITUD FIJA--INFORMACIÓN GENERAL
campo de control de longitud fija 990913s1841 fr |||| | fre d
040 ## - FUENTE DE CATALOGACIÓN
Centro catalogador/agencia de origen CCPB | B
Lengua de catalogación spa
Centro/agencia transcriptor CCPB | B
100 1# - ENTRADA PRINCIPAL--NOMBRE DE PERSONA
Nombre de persona Loreau, J. L.
9 (RLIN) 129067
245 10 - MENCIÓN DEL TÍTULO
Título Du Crédit Foncier et des moyens de le Fonder, ou Création d'un système hypothécaire ... /
Mención de responsabilidad, etc. J. L. Loreau.
260 ## - PUBLICACIÓN, DISTRIBUCIÓN, ETC.
Lugar de publicación, distribución, etc. A Paris :
Nombre del editor, distribuidor, etc. chez L. Hachette, Libraire de l'Université,
Fecha de publicación, distribución, etc. 1841 (
Lugar de fabricación/manufactura Poitiers :
Fabricante Imp. de F. A. Saurin)
300 ## - DESCRIPCIÓN FÍSICA
Extensión 339 p., [1] h. pleg. ;
Dimensiones 23 cm.
596 #1 - NOTA AL PIE DE IMPRENTA
NOTA AL PIE DE IMPRENTA Datos de imp. tomados de colofón.
597 #1 - NOTA DE DESCRIPCIÓN FÍSICA
NOTA DE DESCRIPCIÓN FÍSICA Antep.
650 #4 - PUNTO DE ACCESO ADICIONAL DE MATERIA--TÉRMINO DE MATERIA
Término de materia o nombre geográfico como elemento de entrada Crédito financiero-
Subdivisión geográfica Francia.
9 (RLIN) 135840
740 0# - ENTRADA AGREGADA--TÍTULO RELACIONADO/ANALÍTICO NO CONTROLADO
Título relacionado o analítico no controlado Création d'un système hypothécaire ...
752 ## - ENTRADA AGREGADA--NOMBRE JERÁRQUICO DEL LUGAR
País o entidad superior Francia -
Ciudad París
852 ## - LOCALIZACIÓN
Ubicación ES-MaACL
Número de control de estantería G-10201
Nota libre -- Enc. tela
Holdings
Estatus retirado Estado de pérdida Estado de daño No para préstamo Colección Biblioteca de origen Biblioteca actual Ubicación en estantería Fecha de adquisición Fuente de adquisición Total de préstamos Signatura topográfica completa Código de barras Visto por última vez Precio de reemplazo Tipo de ítem Koha
        Libros del s. XIX Biblioteca del Ateneo de Madrid Biblioteca del Ateneo de Madrid Sala Pecera Planta 3 17/01/2008     G-10201 1165462 23/02/2023 23/02/2023 Libro impreso antiguo